Expert CAD management : The complete guide
Get the strategies you need for successful CAD management in this one-of-a-kind resource. You’ll learn basics such as how to assign tasks, set budgets, and formulate ROI-and gradually delve into more complex issues such as managing intellectual property, selling ideas to management and end users, an...
Saved in:
| Main Author: | |
|---|---|
| Format: | Book |
| Language: | Undetermined |
| Published: |
Indianapolis, Ind.
Wiley Pub.
2007
|
| Subjects: | |
| Tags: |
Add Tag
No Tags, Be the first to tag this record!
|
| Institutions: | Trung tâm Học liệu Trường Đại học Cần Thơ |
|---|
| LEADER | 01249nam a2200229Ia 4500 | ||
|---|---|---|---|
| 001 | CTU_164393 | ||
| 008 | 210402s9999 xx 000 0 und d | ||
| 020 | |c 32.99 | ||
| 082 | |a 620.00420285 | ||
| 082 | |b G795 | ||
| 100 | |a Green, Robert | ||
| 245 | 0 | |a Expert CAD management : | |
| 245 | 4 | |b The complete guide | |
| 245 | 0 | |c Robert Green | |
| 260 | |a Indianapolis, Ind. | ||
| 260 | |b Wiley Pub. | ||
| 260 | |c 2007 | ||
| 520 | |a Get the strategies you need for successful CAD management in this one-of-a-kind resource. You’ll learn basics such as how to assign tasks, set budgets, and formulate ROI-and gradually delve into more complex issues such as managing intellectual property, selling ideas to management and end users, and configuring for specific engineering environments. This indispensable resource is packed with savvy insights, practical techniques, and real-world advice to broaden your technical, business, and management skills. | ||
| 650 | |a Engineering design,Computer-aided design,Kỹ sư thiết kế,Máy tính hỗ trợ thiết kế | ||
| 650 | |x Data processing,Management,Xử lý dữ liệu,Quản trị | ||
| 904 | |i Thoa, Hải | ||
| 980 | |a Trung tâm Học liệu Trường Đại học Cần Thơ | ||